01566nam a22002057a 450000500170000000800410001702000180005804000180007608200200009410000210011424500580013525000120019326000480020530000330025350001240028650508520041065000240126265000240128665000500131020250425144834.0250425b |||||||| |||| 00| 0 eng d a9788180545955 cAIMIT LIBRARY 21a657.42bMAHS aMaheshwari, S N. aFundamentals of cost accounting /cBy S N Maheshwari. a1st ed. aNew Delhi :bSultan Chand and Sons ,c2023. axiv,551,Q.40p. ;bPBc24 cm. aProvides conceptual clarity in a simple and lucid style. Contains adequate illustrative material (309 solved problems)  a Contents : Section A Cost Accounting : Meaning & Scope Basic Cost Concepts Material Cost Control Valuation of Materials Material Losses Labour Cost Control Labour Remuneration Direct Expenses Overheads : General Distribution Single, unit or output Costing Job & Batch Costing Contract Costing Process Costing Operation Costing Operating or Service—Costing Non-Integral System of Accounting Integral System of Accounting Reconciliation of Cost and Financial Account Section B Cost Control and Cost Reduction Uniform Costing & Inter-Firm Comparison Cost Records and Cost Audit Activity Based Costing Section C Budgetary Control & Performance Measurement Standard Costing Variance Analysis Marginal Costing and Profit Planning Decisions Involving Alternative Choices Latest Examns. Question Papers with Solutions. rAuthored By : Maheshwari SN aLabour cost control aLabour remuneration aReconciliation of cost and financial accounts